All US urban areas with over a 100k people - Statistics

General Stats
  • This quiz has been taken 124 times
    99 since last reset
  • The average score is 174 of 285
Answer Stats
State Population Urban Area % Correct
CA 12,900,785 Los Angeles
97%
NY 20,058,725 New York City
96%
CA 3,150,000 San Francisco
95%
FL 2,670,000 Tampa-Saint Petersburg
95%
IL 9,000,400 Chicago
93%
FL 6,100,000 Miami
93%
FL 1,883,000 Orlando
93%
TX 1,880,000 Austin
92%
NY 935,005 Buffalo
92%
TX 5,900,000 Dallas
92%
MS 430,251 Greenville-Jackson
92%
TX 4,945,000 Houston
92%
CA 2,960,000 San Diego
92%
GA 5,123,000 Atlanta-Athens
91%
CA 655,970 Fresno
91%
PA 5,900,000 Philadelphia
91%
AZ 3,500,000 Phoenix
91%
PA 1,890,000 Pittsburgh
91%
OR 1,935,000 Portland
91%
ME 203,563 Portland
91%
OR 245,574 Salem-Albany
91%
TX 1,900,000 San Antonio
91%
CA 1,885,000 San Jose
91%
NY 596,385 Albany
89%
OH 1,900,000 Cleveland
89%
CO 2,500,000 Denver
89%
MI 3,650,000 Detroit
89%
TX 801,095 El Paso
89%
FL 1,065,000 Jacksonville
89%
NC 105,352 Jacksonville
89%
NV 1,920,000 Las Vegas
89%
TN 1,000,000 Memphis
89%
MN 2,800,000 Minneapolis
89%
OK 880,996 Oklahoma City
89%
CA 1,890,000 Sacramento
89%
UT 1,000,000 Salt Lake City
89%
WA 3,000,000 Seattle
89%
VA 1,880,000 Virginia Beach
89%
MA 4,100,000 Boston
88%
NC 1,800,000 Charlotte
88%
FL 101,241 Charlotte Harbor
88%
OH 1,885,000 Cincinnati
88%
CO 559,804 Colorado Springs
88%
TN 969,758 Nashville
88%
MO 274,898 Springfield
88%
IL 161,835 Springfield
88%
DC 4,300,000 Washington D.C.
88%
WV 236,573 Charleston-Huntington
87%
OH 1,880,000 Columbus
87%
GA 253,464 Columbus
87%
KY 980,000 Louisville
87%
WI 1,881,000 Milwaukee
87%
LA 900,699 New Orleans
87%
RI 1,249,000 Providence
87%
NV 393,372 Reno
87%
CA 2,000,000 Riverside
87%
MN 107,362 Rochester
87%
NY 800,058 Rochester-Southport
87%
OK 590,548 Tulsa
87%
MD 2,178,000 Baltimore
86%
LA 594,374 Baton Rouge
86%
MO 2,100,000 Saint Louis
86%
NY 413,079 Syracuse
86%
SC 560,684 Charleston
84%
OH 725,979 Dayton
84%
MI 570,800 Grand Rapids
84%
CT 925,900 Hartford
84%
HI 800,848 Honolulu
84%
IN 1,881,000 Indianapolis
84%
AR 430,362 Little Rock
84%
NC 885,000 Raleigh
84%
GA 300,473 Savannah-Wilmington Bay
84%
WA 388,938 Spokane
84%
FL 240,473 Tallahassee
84%
OH 507,784 Toledo
84%
WI 413,482 Madison-Janesville
83%
NH 167,632 Manchester-Concord
83%
NE 728,900 Omaha
83%
AZ 840,255 Tucson
83%
NM 749,946 Albuquerque
82%
AK 251,363 Anchorage
82%
CA 525,079 Bakersfield
82%
AL 749,474 Birmingham
82%
TN 380,903 Chattanooga
82%
SC 555,048 Columbia
82%
MO 124,683 Columbia
82%
IA 453,473 Des Moines
82%
PA 445,462 Harrisburg
82%
NC 170,363 High Point-Lexington
82%
TN 559,626 Knoxville
82%
KY 290,986 Lexington
82%
AL 326,352 Mobile
82%
SD 156,463 Sioux Falls
82%
KS 472,059 Wichita
82%
ID 350,005 Boise
80%
MO 1,883,000 Kansas City
80%
NE 259,584 Lincoln
80%
UT 100,261 Saint George-Washington
80%
OH 627,273 Akron-Canton
79%
ND 176,353 Fargo
79%
NC 310,979 Greensboro
79%
MI 313,070 Lansing
79%
LA 299,363 Shreveport
79%
KS 100,000 Wichita Falls
79%
NC 393,131 Winston-Salem
79%
CT 1,100,000 Bridgeport-Newport
78%
DE 110,341 Dover
78%
KS 150,573 Topeka
78%
GA 387,364 Augusta
76%
MT 114,868 Billings
76%
TX 320,636 Corpus Christi
76%
IN 313,005 Fort Wayne
76%
WI 207,958 Green Bay
76%
AL 286,059 Huntsville
76%
CT 565,007 New Haven
76%
UT 490,004 Provo-Springville
76%
NM 101,003 Santa Fe-Espãnola
76%
CA 370,800 Stockton
76%
PA 664,959 Allentown
75%
TX 196,352 Amarillo
75%
MI 307,894 Ann Arbor
75%
OR 247,364 Eugene
75%
NC 345,463 Durham
74%
MI 356,793 Flint
74%
AL 263,571 Montgomery
74%
TX 172,252 Waco
74%
VT 123,783 Burlington-Lake Champlain
72%
IA 280,900 Davenport
72%
PA 196,134 Erie
72%
IN 252,573 Lafayette
72%
TX 239,684 Lubbock
72%
PR 1,200,000 San Juan
72%
PA 381,000 Scranton
72%
NC 219,362 Wilmington-Leland
72%
ND 100,252 Bismarck-Janton
71%
IA 178,463 Cedar Rapids
71%
NJ 296,463 Trenton
71%
GA 137,351 Macon
70%
TX 741,297 McAllen
70%
UT 546,789 Ogden
70%
MA 993,946 Worcester-Springfield
70%
FL 530,683 Cape Coral
68%
MN 120,673 Duluth
68%
NC 310,362 Fayetteville
68%
TX 235,453 Laredo
68%
VA 220,374 Roanoke-Blacksburg
68%
FL 187,475 Gainesville
66%
GA 130,985 Gainesville
66%
WA 157,363 Marysville-Oak Harbor
66%
CA 360,009 Modesto
66%
FL 455,366 Palm Bay-Melbourne
66%
IL 266,823 Peoria
66%
IL 296,979 Rockford
66%
IN 279,455 South Bend
66%
AL 140,794 Tuscaloosa
66%
CO 114,341 Boulder
64%
TX 216,353 Brownsville
64%
NM 128,305 Las Cruces
64%
IA 110,351 Sioux City-Verramillion
64%
OH 387,904 Youngstown
63%
IN 229,682 Evansville
62%
WA 176,574 Olympia
62%
NY 120,361 Utica-Rome
62%
NC 280,685 Asheville
61%
PA 400,905 Lancaster
61%
CA 341,958 Lancaster
61%
CA 117,352 Redding
61%
FL 643,895 Sarasota
61%
AZ 136,351 Yuma
61%
TN 158,263 Clarksville
59%
CA 615,787 Concord
59%
NC 214,464 Concord
59%
TX 217,482 Killeen-Gatesville
59%
CA 367,936 Oxnard
59%
WI 101,689 Roster-Concord
59%
TX 147,352 Beaumont
58%
PA 266,345 Reading
58%
TX 172,463 College Station
57%
MI 217,574 Kalamazoo-Benton Harbor
57%
SC 237,363 Myrtle Bay Area
57%
CA 195,464 Santa Barbara
57%
CA 308,537 Santa Rosa
57%
TX 117,622 Midland
55%
TX 127,807 Odessa
55%
SD 100,000 Rapid City
55%
WA 130,363 Yakima
55%
LA 143,252 Lake Charles
54%
NY 425,071 Poughkeepsie
54%
TX 110,352 Abilene
53%
NJ 248,373 Atlantic City
53%
CO 128,372 Grand Junction
53%
IA 106,351 Iowa City
53%
IL 132,461 Bloomington
51%
IL 145,796 Champaign
51%
MS 207,473 Gulfport
51%
FL 452,486 Lakeland-Winter Haven
51%
CA 200,573 Salinas-Watonsville-Seaside
51%
CA 219,472 Visalia
51%
CT 194,463 Waterbury
51%
WI 124,900 Kenosha
50%
NH 226,131 Nashua
49%
WI 215,463 Appleton
47%
OK 103,352 Norman
47%
TN 133,142 Murfreesboro
46%
CA 130,900 Santa Maria
46%
WI 102,341 Eau Claire
45%
AR 122,352 Fort Smith
45%
MD 141,905 Frederick
45%
MI 126,562 Saginaw
45%
NY 158,978 Binghamton
43%
TN 149,648 Johnson City-Bristol
43%
PA 233,684 York
43%
OR 155,047 Medford
42%
SC 180,573 Spartanburg
42%
TX 130,361 Tyler
42%
MA 149,905 New Bedford
41%
CA 258,544 Santa Clarita
41%
WA 114,325 Bellingham
39%
TX 366,957 Denton
39%
MN 111,111 Saint Cloud
39%
IA 113,461 Waterloo
39%
CO 117,987 Greeley
38%
WA 210,584 Kennewick
38%
WI 100,462 La Crosse
38%
VA 116,804 Lynchburg
38%
CA 136,261 Merced-Los Banos
38%
ID 150,808 Nampa
38%
CA 163,463 Santa Cruz
38%
LA 117,893 Monroe-Ruston
36%
WI 133,241 Racine
36%
MI 161,353 Muskegon
34%
CT 168,251 Danbury
33%
TX 156,792 Texas City-Galveston
33%
TX 170,463 McKinney
32%
CA 165,131 Vallejo
32%
FL 182,573 Deltona
30%
CA 345,736 Indio
30%
IL 290,464 Round Lake Beach
30%
FL 314,425 Kissimmee
29%
CA 277,575 Antioch
28%
MD 182,957 Hagerstown
28%
IN 144,351 Elkhart
25%
LA 144,362 Houma
25%
CA 116,351 Yuba City
25%
MA 246,362 Barnstable Town
24%
TN 107,841 Kingsport
24%
SC 100,902 Rock Hill
24%
CA 126,285 Simi Valley
24%
CA 440,141 Murrieta
21%
FL 349,784 Palm Coast
21%
CA 107,352 El Centro
20%
CA 583,497 Mission Viejo
20%
CT 209,463 Norwich
20%
FL 376,272 Port Saint Lucie
20%
GA 133,241 Warner Robins
20%
VA 141,241 Fredericksburg
17%
NC 212,564 Hickory
17%
HI 113,004 Kailua-Kona
17%
CA 100,001 Turlock
17%
WA 198,425 Bremerton
16%
OH 180,000 Lorain
16%
CA 214,968 Thousand Oaks
16%
CA 136,002 Fairfield
14%
CO 280,574 Fort Collins-Hamilton
14%
NC 168,353 Gastonia
14%
MD 213,464 Aberdeen
13%
FL 191,363 Fort Walton Beach
13%
TX 136,413 Harlingen
12%
AZ 198,463 Avondale
11%
NY 100,004 Glens Falls
9%
FL 310,546 Bonita Springs
8%
TX 239,463 Conroe
8%
FL 131,297 Leesburg
8%
FL 147,800 Spring Hill
8%
PA 107,362 Pottstown
4%
AL 113,352 Gulf of Fairhop Area
3%
MS 104,351 Saint Charles
3%
MI 119,537 South Lyon
3%
MA 116,351 Leominister
1%
FL 357,463 Penscola Bay
1%
TX 153,572 Port Author
1%
FL 149,463 Sebastian Porto and Wanter Bay
1%
FL 112,793 Lady Lake
0%
SC 122,794 Maudlin
0%
FL 145,351 Saint Andrew Bay Area
0%
No matching quizzes found
Score Distribution
Percent of People with Each Score
Percentile by Number Answered
Your Score History
You have not taken this quiz since the last reset